000 01678cam a22004814i 4500
003 PE-LiUPU
005 20250731173550.0
008 150616s r 000 0 d
020 _a0881411396
035 _a(Sirsi) i9780881411393
040 _aPE-LiUPU
_bspa
_cPE-LiUPU
_erda
049 _aPRUA
082 0 4 _a220.66
_bB82
_221
100 1 _aBreck, John,
_eautor.
245 1 4 _aThe Shape of Biblical Language :
_bChiasmus in the Scriptures and Beyond /
_cJohn Breck.
264 1 _aCrestwood, New York :
_bST. Vladimir's Seminary Press,
_c1994.
300 _a387 páginas ;
_c23 centímetros
336 _atext
_2rdacontent
337 _aunmediated
_2rdamedia
338 _avolume
_2rdacarrier
504 _aBibliografía: páginas 369-376.
505 0 _aChiasmus, a key to the scriptures.- Chiasmus in the new testament.- The persistence of chiasmus.- Chiasmus, a key to interpretation.
526 _aSEG42
526 _aSEG41
526 _aSEG40
526 _aSEG39
526 _aP94
526 _aP87
526 _aP86
526 _aP85
526 _aP77
526 _aP76
526 _aP35
630 _aBiblia
_xCrítica, interpretación, etc.
650 0 4 _a
910 _ajck
_bjvq
_cjck
942 _2ddc
_cBOOK
949 _a220.66 B82
_wDEWEY
_c1
_i43079
_lCCODEBUL1
_mBUL
_r0
_sY
_tBOOK
_u2015-6-16
_xTEOLOGIA
_zUNKNOWN
_0COMPRA
_o.STAFF. Colección General
994 _aC0
_bPEPRU
596 _a1
999 _a220.66 B82
_wDEWEY
_c61053
_i43079
_f2021-11-9
_g5
_lCCODEBUL1
_mBUL
_r0
_sY
_tBOOK
_u2015-6-16
_xTEOLOGIA
_zUNKNOWN
_0COMPRA
_o.STAFF. Colección General
_d61053
980 _81
_gALBERTO SANCHEZ Responsable de Automatización